Normal view
MARC view
- Akshaya K Pavithran
Entry Personal Name
001 - CONTROL NUMBER
- control field: 3334
003 - CONTROL NUMBER IDENTIFIER
- control field: OSt
005 - DATE AND TIME OF LATEST TRANSACTION
- control field: 20180925141638.0
008 - FIXED-LENGTH DATA ELEMENTS
- fixed length control field: 180925|| aca||aabn | a|a d
040 ## - CATALOGING SOURCE
- Original cataloging agency: OSt
- Transcribing agency: OSt
100 ## - HEADING--PERSONAL NAME
- Personal name: Akshaya K Pavithran
670 ## - SOURCE DATA FOUND
- Source citation: Work cat.: (OSt)15479: Akshaya K Pavithran Haritha Krishnan, Comparitive evaluation of evapotranspiration parameters of okra in polyhouse for alternate growing media, 2018
